000 01745nam a2200397Ia 4500
001 ebr10021577
003 CaPaEBR
006 m u
007 cr cn|||||||||
008 000516s2001 mduabf sb 001 0 eng d
010 _z 00009558
020 _z0801875811
020 _z0801865638 (alk. paper)
040 _aCaPaEBR
_cCaPaEBR
035 _a(OCoLC)51615929
050 1 4 _aF215
_b.H29 2001eb
082 0 4 _a975
_221
100 1 _aHarris, J. William,
_d1946-
245 1 0 _aDeep Souths
_h[electronic resource] :
_bDelta, Piedmont, and Sea Island society in the age of segregation /
_cJ. William Harris.
260 _aBaltimore :
_bJohns Hopkins University Press,
_c2001.
300 _axii, 454 p., [26] p. of plates :
_bill., maps.
504 _aIncludes bibliographical references and index.
533 _aElectronic reproduction.
_bPalo Alto, Calif. :
_cebrary,
_d2013.
_nAvailable via World Wide Web.
_nAccess may be limited to ebrary affiliated libraries.
650 0 _aAfrican Americans
_xSegregation
_zSouthern States.
650 0 _aAfrican Americans
_zSouthern States
_xEconomic conditions.
650 0 _aAfrican Americans
_zSouthern States
_xPolitics and government.
650 0 _aCapitalism
_zSouthern States
_xHistory.
650 0 _aAgriculture
_xEconomic aspects
_zSouthern States
_xHistory.
650 0 _aAgriculture and politics
_zSouthern States
_xHistory.
651 0 _aSouthern States
_xHistory
_y1865-1951.
651 0 _aSouthern States
_xRace relations.
651 0 _aSouthern States
_xEconomic conditions.
655 7 _aElectronic books.
_2local
710 2 _aebrary, Inc.
856 4 0 _uhttp://site.ebrary.com/lib/rucke/Doc?id=10021577
_zAn electronic book accessible through the World Wide Web; click to view
999 _c10282
_d10282